[Event "Beacon Seniors op"]
[Site "Exmouth"]
[Date "2006.11.15"]
[Round "3"]
[White "Primett, Alan D"]
[Black "Jenkins, Geoffrey J"]
[Result "1/2-1/2"]
[WhiteElo "1504"]
[BlackElo "1264"]
[PlyCount "38"]
[EventDate "2006.11.13"]
[EventType "swiss"]
[EventRounds "5"]
[EventCountry "ENG"]
[SourceTitle "EXT 2008"]
[Source "ChessBase"]
[SourceDate "2007.11.25"]
[SourceVersion "1"]
[SourceVersionDate "2007.11.25"]
[SourceQuality "1"]

1. c4 e5 2. Nc3 Nf6 3. g3 Bc5 4. Bg2 0-0 5. d3 c6 6. Nf3 Re8 7. e4 d5 8. 0-0 Bg4 9. Qc2 h6 10. cxd5 cxd5 11. Nxd5 Na6 12. Nxf6+ Qxf6 13. Nd2 Be2 14. Nb3 Bxf1 15. Nxc5 Nxc5 16. Bxf1 Rac8 17. Qd1 Red8 18. Be3 b6 19. Rc1 Qd6 1/2-1/2

[Event "Beacon Seniors op 60+"]
[Site "Exmouth"]
[Date "2005.11.17"]
[Round "4"]
[White "Kaye, Michael J"]
[Black "Jenkins, Geoffrey J"]
[Result "0-1"]
[WhiteElo "1432"]
[BlackElo "1304"]
[PlyCount "64"]
[EventDate "2005.11.14"]
[EventType "swiss"]
[EventRounds "5"]
[EventCountry "ENG"]
[SourceTitle "EXT 2007"]
[Source "ChessBase"]
[SourceDate "2006.11.23"]
[SourceVersion "1"]
[SourceVersionDate "2006.11.23"]
[SourceQuality "1"]

1. d4 d5 2. Nf3 Nf6 3. e3 Bg4 4. h3 Bh5 5. b3 e6 6. Bb2 Nbd7 7. Be2 Bd6 8. Nbd2 Bg6 9. 0-0 0-0 10. Ne5 Rc8 11. Ndf3 c5 12. c3 cxd4 13. Nxg6 fxg6 14. exd4 Qc7 15. Ng5 Rce8 16. c4 b6 17. cxd5 exd5 18. Rc1 Qb8 19. Rc3 Re7 20. Re3 Ne4 21. Nxe4 dxe4 22. Re1 Kh8 23. Bb5 Nf6 24. Bc6 Ref7 25. R1e2 Bf4 26. Rc3 Qd6 27. Bxe4 Nxe4 28. Rxe4 Bh2+ 29. Kh1 Rxf2 30. Rf3 R8xf3 31. Qxf3 Rxf3 32. gxf3 h5 0-1

[Event "Beacon Seniors op 60+"]
[Site "Exmouth"]
[Date "2005.11.16"]
[Round "3"]
[White "Jenkins, Geoffrey J"]
[Black "Patching, Geoffrey R"]
[Result "1-0"]
[WhiteElo "1304"]
[BlackElo "960"]
[PlyCount "33"]
[EventDate "2005.11.14"]
[EventType "swiss"]
[EventRounds "5"]
[EventCountry "ENG"]
[SourceTitle "EXT 2007"]
[Source "ChessBase"]
[SourceDate "2006.11.23"]
[SourceVersion "1"]
[SourceVersionDate "2006.11.23"]
[SourceQuality "1"]

1. e4 e5 2. f4 d5 3. exd5 exf4 4. Nf3 Bd6 5. d4 Nf6 6. Nc3 0-0 7. Be2 Nxd5 8. Nxd5 c6 9. Nxf4 Nd7 10. 0-0 Nf6 11. c3 Qc7 12. Ne5 Bf5 13. Nfd3 Nd5 14. Rxf5 Ne3 15. Bxe3 Rac8 16. Rxf7 Bxe5 17. Rxc7 1-0